Madness, religion and the state in early modern Europe : a Bavarian beacon

Αποθηκεύτηκε σε:
Λεπτομέρειες βιβλιογραφικής εγγραφής
Κύριος συγγραφέας: Lederer, David
Μορφή: Βιβλίο
Γλώσσα:English
Δημοσίευση: Cambridge : Cambridge University Press, 2006
Σειρά:New studies in European history
Θέματα:
Ετικέτες: Προσθήκη ετικέτας
Δεν υπάρχουν, Καταχωρήστε ετικέτα πρώτοι!

MARC

LEADER 00000nam a2200000 i 4500
001 1/89682
008 080625s2006 eng d
020 |a 978-0-521-85347-7 (hbk.) 
020 |a 0-521-85347-8 (hbk.) 
035 |l 10098432 
040 |a GR-MY-UA  |b gre  |e aacr 
041 0 |a eng 
082 0 |a 362.20940902  |2 (22) 
100 1 |a Lederer, David. 
245 1 0 |a Madness, religion and the state in early modern Europe :  |b a Bavarian beacon /  |c David Lederer 
260 |a Cambridge :   |b Cambridge University Press,   |c 2006 
300 |a xx, 361 σ.;  |b εικ., πίν., χάρτες;  |c 24 εκ. 
490 1 |a New studies in European history 
504 |a Περιέχει βιβλιογραφικές παραπομπές και ευρετήριο 
650 0 0 |a Mental illness  |z Europe  |x History. 
650 0 0 |a Mental health services  |z Europe  |x History. 
650 0 0 |a Psychiatry and religion. 
650 0 0 |a Mental illness  |x Religion aspects. 
650 0 0 |a Mental health services  |x History  |z Germany. 
830 0 |a New studies in European history 
852 |a INST  |b LESVOS  |e 20080625  |h 362.20940902 LED  |p 005100042242  |q 005100042242  |t BK  |y 0 
901 |a BIBL1-2008-2 
909 |a Λ  |b 145006 
922 |a 1ΕΛΗ  |b 200801  |c ΕΠΕΑΕΚ2/ΤΚΑ  |d ΕΛΕΥΘΕΡΟΥΔΑΚΗΣ 
970 |a ΓΙΑΛΑΜΑ  |b ΜΑΡΙΑ  |z 2008/06/25